|
|
|
|
| LEADER |
00000nab a2200000 a 4500 |
| 001 |
vtls000218219 |
| 003 |
SK-MaSNL |
| 005 |
20260303183844.0 |
| 008 |
111130c1985 xo 0 slo |
| 015 |
|
|
|a SNBRB19rr/mm-uuuuu
|
| 035 |
|
|
|a CL0228333
|
| 040 |
|
|
|a SNKBUCL
|b slo
|c SNKBUCL
|e AACR2
|
| 041 |
0 |
|
|a slo
|
| 044 |
|
|
|a xo
|c SK
|
| 080 |
|
|
|a 636.22/.28.082.2.001.12
|2 1981
|
| 100 |
1 |
|
|a Mikláš, Michal
|4 aut
|9 701997
|
| 245 |
1 |
0 |
|a Realizácia šľachtiteľského programu v chove HD v Agrokomplexe MPV, n.p., Čalovo
|c Michal Mikláš
|
| 650 |
0 |
7 |
|a hovädzí dobytok
|2 snkbucl
|9 2818
|
| 650 |
0 |
7 |
|a šľachtenie
|2 snkbucl
|9 298371
|
| 650 |
0 |
7 |
|a Agrokomplex, Čalovo
|2 snkbucl
|9 1213387
|
| 651 |
|
7 |
|a 5202
|2 snkbucl
|9 277881
|
| 655 |
|
7 |
|a články z novín a časopisov
|2 snkbucl
|9 267496
|
| 773 |
0 |
|
|t Agrovýstavník
|g Č. 1 (1985), s. 16-17
|
| 850 |
|
|
|a Slovenská národná knižnica v Martine
|a MTA001
|
| 852 |
|
|
|a SNK
|b KIS3GCP
|
| 958 |
|
|
|a RK
|
| 992 |
|
|
|a RBX
|
| 999 |
|
|
|c 2123521
|d 2125451
|